| 000 | 01290nam a22003257i 4500 | ||
|---|---|---|---|
| 003 | EG-ScBUE | ||
| 005 | 20230614103816.0 | ||
| 008 | 220731s2013 ua f d 000 0 ara d | ||
| 017 | _a1995 / 1558 | ||
| 017 | _a2006 / 22240 | ||
| 020 | _a977502871X | ||
| 020 | _a9773041980 | ||
| 040 |
_aEG-ScBUE _bara _erda _cEG-ScBUE _dEG-ScBUE |
||
| 041 | 0 |
_aara _aeng |
|
| 082 | 0 | 4 |
_222 _a492.7341 _bإ ل ي |
| 100 | 1 |
_aإلياس، متري، _eمؤلف. |
|
| 245 | 1 | 0 |
_aقاموس إلياس الجيب : _bعربي - فرنسي = Elias dictionnaire de poche : Arabe - Français / _cتأليف متري إلياس. |
| 246 | 3 | 1 |
_aElias dictionnaire de poche : _bArabe - Français |
| 264 | 1 |
_aالقاهرة : _bشركة دار إلياس العصرية للطباعة والنشر، _c2013. |
|
| 300 |
_a800، 520 صفحة ؛ _c18 سم |
||
| 336 |
_2rdacontent _aنص _btxt |
||
| 337 |
_2rdamedia _aبدون وسيط _bn |
||
| 338 |
_2rdacarrier _aمجلد _bnc |
||
| 546 | _aText in Arabic and French. | ||
| 650 | 7 |
_aاللغة الفرنسية _vمعاجم _xاللغة العربية. _2BUEsh |
|
| 650 | 7 |
_aاللغة العربية _vمعاجم _xاللغة الفرنسية. _2BUEsh |
|
| 653 |
_bGGEN _cJune2023 |
||
| 655 | _vReading book | ||
| 942 | _2ddc | ||
| 999 |
_c30479 _d30450 |
||